01690nam a2200385 a 4500001001200000003000800012006001900020007001500039008004100054020001800095020002700113040002100140035002100161043001200182050002600194082001900220245016400239260004400403300007100447490005200518504006900570533015200639588009700791650002500888650002100913650002800934650002500962650002000987651003201007655002901039710001701068830007401085856012601159999001901285ebr10672813CaPaEBRm o u cr cn|||||||||150303s2013 dcuadb sb 000 0 eng d z9780821398401 z9780821398661 (e-book) aCaPaEBRcCaPaEBR a(OCoLC)830846120 aa-ii---14aHT384.I4b.U76 2013eb04a307.76095422300aUrbanization beyond municipal boundariesh[electronic resource] :bnurturing metropolitan economies and connecting peri-urban areas in India /cthe World Bank. aWashington, D.C. :bWorld Bank,cc2013. a1 online resource (xv, 106 p.). :bill. (some col.), charts, maps.1 aDirections in Development Countries and Regions aIncludes bibliographical references at the end of each chapters. aElectronic reproduction.bPalo Alto, Calif. :cebrary,d2015.nAvailable via World Wide Web.nAccess may be limited to ebrary affiliated libraries. aDescription based on online resource; title from title page (ebrary, viewed April 18, 2013). 0aUrbanizationzIndia. 0aUrban economics. 0aLand use, UrbanzIndia. 0aUrban policyzIndia. 0aSuburbszIndia. 0aIndiaxEconomic conditions. 7aElectronic books.2local2 aebrary, Inc. 0aDirections in development (Washington, D.C.).pCountries and regions.40uhttp://site.ebrary.com/lib/rucke/Doc?id=10672813zAn electronic book accessible through the World Wide Web; click to view c163632d163632